| 000 | 00607nam a2200193 u 4500 | ||
|---|---|---|---|
| 005 | 20250227063818.0 | ||
| 008 | 090629s2007 r 000 0 eng d | ||
| 020 | _a9789508922779 (13 dígitos) | ||
| 020 | _a950892277X (10 dígitos) | ||
| 035 | _aUPN01000171529 | ||
| 049 | _aCG | ||
| 050 | 4 |
_aHV1568 _bN8.3 |
|
| 100 | 1 | _aNúñez, Blanca Aída | |
| 245 | 1 | 0 |
_aFamilia y discapacidad : _bde la vida cotidiana a la teoría / _cBlanca Aída Núñez. |
| 260 |
_aBuenos Aires : _bLugar, _c2007. |
||
| 300 | _a295 p. | ||
| 650 | 4 |
_aPersonas con discapacidad _xRelaciones familiares _912912 |
|
| 905 | _aLibro | ||
| 999 |
_c143634 _d143634 |
||